000 00305nam a2200121Ia 4500
008 191201s2004 xx 000 0 und d
100 _aSHAH, Piyush H
245 0 _aSpinning Tablet IV Combing
260 _aN.Delhi
_bThe Textile Association
_c2004
300 _a24
650 _aB.Tech(TE)
942 _2ddc
_cBK
999 _c3440
_d3440